000 00826nam a22002177a 4500
003 OSt
005 20240527100634.0
008 240523b ||||| |||| 00| 0 eng d
040 _cAIMIT LIBRARY
100 _aDsouza, Melisha Sweedal.
_e2016080
_9167218
245 _aStudy on investment analysis with special reference to new Mangalore port trust Mangalore /
_cBy Melisha Sweedal Dsouza ; Guided by Vasantha G.
260 _aMangalore ;
_c2022.
650 _aIndustry profile company profile and introduction to study
_9167828
650 _aLiterature review
_9167829
650 _aResearch methodology
_9167830
650 _aData analysis and interpretation
_9167831
650 _aFindings and conclusion
_9167832
700 _aG, Vasantha.
_9167219
_eGuide
856 _3New Mangalore Port Trust.
942 _2ddc
_cPRO
999 _c230912
_d230912